000 01043cam a22002295a 4500
001 L143620
008 080521s2008 xxkd f 000 0 eng d
035 _a(Sirsi) u143620
041 0 _aeng
050 0 4 _a336.22 $2 22
110 2 _aBaker and McKenzie
_93073
245 0 0 _aReal estate taxation in Europe
260 _aParis
_bBaker and McKenzie
_c2008
300 _a183p.
_bill.
_c21cm.
520 _aSummarises the tax treatment of real estate investments in 18 European countries, from the acquisition phase to the time of disposal as of the year 2008. Provides an overview of the main tax rates that are relevant to the real estate sector. Aims to provide the reader with information to help design a tax strategy when investing in European real estate. Presented on a country by country basis.
521 2 0 _aAdvanced
590 _aKA
651 4 _aEngland and Wales
_y1543-
690 _aPROPERTY-COMMERCIAL PROPERTY-COMMERCIAL PROPERTY TAXATION-COMMERCIAL PROPERTY TAXATION VALUATION
700 1 _aMesmin, Olivier
942 _n0
999 _c108232
_d108232